| 000 | 00339nam a22001217a 4500 | ||
|---|---|---|---|
| 008 | 180607b xxu||||| |||| 00| 0 eng d | ||
| 041 | _aeng | ||
| 080 | _a043.3 | ||
| 100 | _a0 | ||
| 101 | _aMBE-MTH | ||
| 245 |
_aAnalizë krahasuese midis produkteve të shëndetësisë në sektorin privat dhe publik Kosovë _cJusufi,Sh |
||
| 942 |
_2udc _cBK |
||
| 999 |
_c46597 _d46597 |
||